Adaptive Pattern Recognition and Neural Networks (Record no. 247096)
[ view plain ]
| 000 -LEADER | |
|---|---|
| fixed length control field | 00461nam a2200181Ia 4500 |
| 008 - FIXED-LENGTH DATA ELEMENTS--GENERAL INFORMATION | |
| fixed length control field | 240913s9999||||xx |||||||||||||| ||und|| |
| 082 ## - DEWEY DECIMAL CLASSIFICATION NUMBER | |
| -- | 006.4 M9 |
| 100 ## - MAIN ENTRY--PERSONAL NAME | |
| Personal name | Pao,Yoh-Han |
| 245 #0 - TITLE STATEMENT | |
| Title | Adaptive Pattern Recognition and Neural Networks |
| 250 ## - EDITION STATEMENT | |
| Edition statement | 1st |
| 260 ## - PUBLICATION, DISTRIBUTION, ETC. (IMPRINT) | |
| Date of publication, distribution, etc | 1989 |
| Name of publisher, distributor, etc | Addison-wesley,Menlo Park |
| 500 ## - GENERAL NOTE | |
| General note | REFERENCE |
| 650 ## - SUBJECT ADDED ENTRY--TOPICAL TERM | |
| Topical term or geographic name as entry element | Neural |
| 942 ## - ADDED ENTRY ELEMENTS (KOHA) | |
| Item type | Reference |
| Withdrawn status | Lost status | Damaged status | Permanent location | Current location | Shelving location | Date acquired | Cost, normal purchase price | Full call number | Barcode | Date last seen | Koha item type |
|---|---|---|---|---|---|---|---|---|---|---|---|
| CENTRAL LIBRARY, NOORUL ISLAM CENTRE FOR HIGHER EDUCATION | CENTRAL LIBRARY, NOORUL ISLAM CENTRE FOR HIGHER EDUCATION | 05/09/2003 | 3234.00 | 006.4 M9 | 9175 | 09/13/2024 | Reference |
